Who is on New Zealand's Banknotes? - Statistics

General Stats
  • This quiz has been taken 50 times
  • The average score is 4 of 5
Answer Stats
$ Clue Person % Correct
$5 First ascender of Everest, alongside Sherpa Tenzing Edmund Hillary
98%
$20 Head of State since 1952 Elizabeth II
94%
$100 First person to split the atom, earning a Nobel prize (in chemistry!) Ernest {Rutherford}
84%
$10 NZ women received the vote in 1893 (a world first) thanks to her Kate {Sheppard}
71%
$50 Leading Maori statesman Apirana {Ngata}
53%
No matching quizzes found
Score Distribution
Percent of People with Each Score
Percentile by Number Answered
Your Score History
You have not taken this quiz